Real Spanish (Record no. 4796)

MARC details
000 -CABECERA
campo de control de longitud fija 01092nam a22002057a 4500
008 - DATOS DE LONGITUD FIJA--INFORMACIÓN GENERAL
campo de control de longitud fija 250625b |||||||| |||| 00| 0 eng d
020 ## - NÚMERO INTERNACIONAL ESTÁNDAR DEL LIBRO
Número Internacional Estándar del Libro 9781533285591
040 ## - FUENTE DE LA CATALOGACIÓN
Centro/agencia transcriptor tbs
041 ## - CÓDIGO DE LENGUA
Código de lengua del texto/banda sonora o título independiente eng
-- spa
100 ## - ENTRADA PRINCIPAL--NOMBRE DE PERSONA
Nombre de persona Rangel, Francisco
9 (RLIN) 25583
Término indicativo de función/relación author
245 ## - MENCIÓN DE TÍTULO
Título Real Spanish
Resto del título : learn how to speak spanish like an argentine through dialogues
Mención de responsabilidad, etc. / Francisco Rangel.
260 ## - PUBLICACIÓN, DISTRIBUCIÓN, ETC.
Lugar de publicación, distribución, etc. [Place of publication not identified] :
Nombre del editor, distribuidor, etc. [Publisher not identified],
Fecha de publicación, distribución, etc. 2015.
300 ## - DESCRIPCIÓN FÍSICA
Extensión 1 volume
Dimensiones 23 cm.
520 ## - SUMARIO, ETC.
Sumario, etc. Learn how to speak Spanish like an Argentine with dialogues written and translated by native Spanish speakers from Argentina. This book is designed to supplement your language learning and will help you improve your Spanish conversation skills. Audio recordings of the dialogues can be downloaded absolutely free. See inside book for details.
650 #0 - PUNTO DE ACCESO ADICIONAL DE MATERIA--TÉRMINO DE MATERIA
Término de materia o nombre geográfico como elemento de entrada Spanish language
Subdivisión general Self-instruction
9 (RLIN) 25339
650 #0 - PUNTO DE ACCESO ADICIONAL DE MATERIA--TÉRMINO DE MATERIA
Término de materia o nombre geográfico como elemento de entrada Spanish language
Subdivisión general Conversation and phrase books
9 (RLIN) 25338
650 #0 - PUNTO DE ACCESO ADICIONAL DE MATERIA--TÉRMINO DE MATERIA
Término de materia o nombre geográfico como elemento de entrada Spanish language
Subdivisión general Textbooks for foreign speakers
9 (RLIN) 12081
655 #0 - TÉRMINO DE INDIZACIÓN--GÉNERO/FORMA
Datos o término principal de género/forma Self-instruction
9 (RLIN) 24883
942 ## - ELEMENTOS DE ENTRADA AGREGADA (KOHA)
Fuente del sistema de clasificación o colocación Clasificación de Library of Congress
Holdings
Estado de retiro Estado de pérdida Fuente del sistema de clasificación o colocación Estado dañado No para préstamo Biblioteca de origen Biblioteca actual Fecha de adquisición Total de préstamos Signatura topográfica completa Código de barras Fecha visto por última vez Número de copia Precio válido a partir de Tipo de ítem Koha
    Clasificación de Library of Congress     TBS Barcelona TBS Barcelona 25/06/2025   P-SP LEARN RAN B05878 25/06/2025 1 25/06/2025 Teach Yourself Spanish

Powered by Koha